Online
Catalog

Indicadores de gestión : (Record no. 11330)

MARC details
000 -CABECERA
campo de control de longitud fija 01116cam a2200289 a 4500
001 - NÚMERO DE CONTROL
campo de control 000011637
003 - IDENTIFICADOR DEL NÚMERO DE CONTROL
campo de control DO-SdBNP
005 - FECHA Y HORA DE LA ÚLTIMA TRANSACCIÓN
campo de control 20250527113225.0
008 - DATOS DE LONGITUD FIJA--INFORMACIÓN GENERAL
campo de control de longitud fija 000719s1998 ck a 001 0 spa
020 ## - NÚMERO INTERNACIONAL ESTÁNDAR DEL LIBRO
Número Internacional Estándar del Libro 9588017009
040 ## - FUENTE DE LA CATALOGACIÓN
Centro catalogador/agencia de origen DO-SdBNP
Centro/agencia transcriptor DLC
049 ## - FONDOS LOCALES (OCLC)
Fondos de biblioteca BNGR
050 00 - SIGNATURA TOPOGRÁFICA DE LA BIBLIOTECA DEL CONGRESO
Número de clasificación MLCM 2001/00586 (H)
082 ## - NÚMERO DE LA CLASIFICACIÓN DECIMAL DEWEY
Número de clasificación 658.4
Número de documento/Ítem B453i
100 1# - ENTRADA PRINCIPAL--NOMBRE DE PERSONA
Nombre de persona Beltrá Jaramillo, Jesús Mauricio.
9 (RLIN) 27563
245 10 - MENCIÓN DE TÍTULO
Título Indicadores de gestión :
Resto del título guía práctica para estructurar acertadamente esta herremienta clave para el logro de la competitividad /
Mención de responsabilidad, etc. Jesús Mauricio Beltrán Jaramillo.
246 30 - FORMA VARIANTE DE TÍTULO
Título propio/Titulo breve Guía práctica para estructurar acertadamente esta herremienta clave para el logro de la competitividad
246 1# - FORMA VARIANTE DE TÍTULO
Texto de visualización [subtitle from cover]:
Título propio/Titulo breve Herramientas para lograr la competitividad
260 ## - PUBLICACIÓN, DISTRIBUCIÓN, ETC.
Lugar de publicación, distribución, etc. Santafé de Bogotá :
Nombre del editor, distribuidor, etc. 3R Editores,
Fecha de publicación, distribución, etc. 1998.
300 ## - DESCRIPCIÓN FÍSICA
Extensión xiv, 145 p. :
Otras características físicas il. ;
Dimensiones 24 cm.
490 1# - MENCIÓN DE SERIE
Mención de serie Temas gerenciales
650 #4 - PUNTO DE ACCESO ADICIONAL DE MATERIA--TÉRMINO DE MATERIA
Término de materia o nombre geográfico como elemento de entrada Gestion de negocios
9 (RLIN) 27564
650 #0 - PUNTO DE ACCESO ADICIONAL DE MATERIA--TÉRMINO DE MATERIA
Término de materia o nombre geográfico como elemento de entrada Administración industrial
9 (RLIN) 5872
830 #0 - PUNTO DE ACCESO ADICIONAL DE SERIE-TÍTULO UNIFORME
Título uniforme Temas gerenciales ;
9 (RLIN) 27565
910 ## - DATOS DE OPCIÓN DEL USUARIO (OCLC)
Datos de opción del usuario Catalogación derivada / LC
942 ## - ELEMENTOS DE PUNTO DE ACCESO ADICIONAL (KOHA)
Fuente del sistema de clasificación o colocación Dewey Decimal Classification
Tipo de ítem Koha Libro
Holdings
Estado de retiro Estado de pérdida Restricciones de uso No para préstamo Código de colección Localización permanente Ubicación/localización actual Ubicación en estantería Fecha de adquisición Número de inventario Total de préstamos Signatura topográfica completa Código de barras Fecha visto por última vez Precio válido a partir de Tipo de ítem Koha
    Préstamo interno   Monografías: Libros y Folletos General General En catalogación 22.10.2009 LF1   658.4 B453i 11637-10 25.06.2020 25.06.2020 Préstamo interno

Powered by Koha